Les 210 pays du classement de la FIFA. - Statistiques

Statistiques générales
  • Ce quiz a été pris 267 fois
  • Le résultat moyen est 120 sur 210
Statistiques - réponses
RANG PAYS % Correct
2 France
97%
1 Argentine
94%
3 Espagne
94%
6 Belgique
92%
5 Brésil
92%
10 Italie
88%
14 Maroc
88%
16 USA
88%
13 Allemagne
87%
4 Angleterre
87%
40 Canada
87%
7 Pays-Bas
87%
33 Russie
87%
8 Portugal
86%
46 Algérie
84%
9 Colombie
84%
15 Suisse
84%
24 Australie
82%
12 Croatie
82%
11 Uruguay
82%
18 Japon
81%
17 Mexique
81%
29 Suède
81%
58 Irlande
80%
43 Chili
79%
41 Tunisie
79%
25 Ukraine
79%
87 Chine
78%
21 Dannemark
78%
50 Norvège
78%
23 Corée du sud
77%
28 Pologne
77%
26 Turquie
77%
63 Finlande
76%
62 Paraguay
75%
210 Saint-Marin
75%
19 Sénégal
75%
27 Equateur
74%
94 Nouvelle Zélande
74%
36 Egypte
73%
42 Pérou
73%
45 Roumanie
72%
57 Afrique du Sud
71%
22 Autriche
71%
118 Congo
71%
110 Corée du Nord
71%
48 Ecosse
71%
31 Hongrie
71%
44 Slovaquie
71%
47 Tchequie
71%
37 Vénézuela
71%
20 Iran
70%
84 Luxembourg
70%
52 Slovénie
70%
54 Grèce
69%
124 Inde
69%
125 Niger
69%
35 Panama
69%
56 Arabie Saoudite
68%
53 Mali
68%
39 Nigéria
68%
34 Qatar
68%
89 Bolivie
67%
123 Estonie
67%
51 Cameroun
66%
133 Indonésie
66%
55 Irak
66%
71 Islande
66%
137 Lettonie
66%
135 Lituanie
66%
32 Serbie
66%
164 Andorre
65%
38 Côte d'Ivoire
65%
78 Israel
65%
66 Albanie
64%
82 Bulgarie
64%
79 Honduras
64%
199 Liechtenstein
64%
30 Pays de Galles
64%
49 Costa Rica
63%
99 Biélorussie
62%
77 Guinée
62%
109 Kazakhstan
62%
73 Monténégro
62%
127 Chypre
61%
105 Madagascar
61%
197 Pakistan
61%
75 Bosnie-Herzegovine
60%
70 Georgie
60%
64 Ghana
60%
74 Irlande du Nord
60%
59 Jamaique
60%
106 Kosovo
60%
156 Yémen
60%
68 Jordanie
59%
172 Malte
59%
90 Angola
58%
167 Cuba
58%
117 Libye
58%
189 Mongolie
58%
101 Thailande
58%
115 Vietnam
58%
153 Fidji
57%
107 Guatemala
57%
154 Guyana
57%
152 Moldavie
57%
130 Nicaragua
57%
76 Oman
57%
121 Soudan
57%
140 Suriname
57%
151 Afghanistan
56%
69 Emirats arabes Unis
56%
72 Macédoine
56%
97 Arménie
55%
65 Cap-Vert
55%
83 Gabon
55%
85 Haiti
55%
188 Laos
55%
116 Liban
55%
112 Mauritanie
55%
88 Guinée équatoriale
54%
61 Ouzbékistan
54%
202 Somalie
54%
93 Syrie
54%
120 Togo
54%
144 Turkménistan
54%
180 Cambodge
53%
108 Kenya
53%
98 Namibie
53%
131 Rwanda
53%
129 Zimbabwe
53%
114 Guinée-Bissau
52%
142 Libéria
52%
175 Népal
52%
150 République dominicaine
52%
169 Soudan du Sud
52%
205 Sri Lanka
52%
92 Zambie
52%
132 Gambie
51%
198 Gibraltar
51%
136 Koweit
51%
81 Salvador
51%
201 Seychelles
51%
143 Ethiopie
50%
102 Kirghizistan
50%
184 Bangladesh
49%
134 Malaisie
49%
104 Mozambique
49%
103 Tadjikistan
49%
178 Tchad
49%
91 Bénin
48%
182 Bhoutan
48%
145 Botswana
48%
95 Ouganda
48%
128 République Centrafricaine
48%
192 Samoa
48%
161 Singapour
48%
200 Tonga
48%
100 Trinité-et-Tobago
48%
170 Sainte-Lucie
47%
113 Tanzanie
47%
183 Belize
46%
67 Burkina Faso
46%
155 Eswatini
46%
149 Lesotho
46%
163 Maldives
46%
147 Philippines
46%
80 Bahreïn
45%
96 Palestine
45%
168 Papouasie-Nouvelle-Guinée
45%
122 Sierra Leone
45%
148 Antigua-et-Barbuda
44%
181 Dominique
44%
203 Bahamas
43%
193 Djibouti
43%
179 Maurice
43%
162 Vanuatu
43%
174 Saint-Vincent-et-les-Grenadines
42%
177 Barbade
41%
190 Brunei
41%
139 Burundi
41%
173 Grenade
39%
126 Malawi
39%
191 São Tomé-et-Príncipe
38%
60 RDC
37%
196 Timor oriental
37%
138 Îles Féroé
36%
141 Îles Salomon
35%
159 Hong Kong
30%
160 Nouvelle-Calédonie
30%
157 Porto Rico
26%
166 Myanmar
25%
158 Tahiti
24%
86 Curaçao
23%
171 Bermudes
21%
185 Macao
21%
209 Anguilla
19%
194 Aruba
19%
186 Îles Cook
19%
207 Îles Vierges britanniques
19%
204 Guam
18%
208 Îles Vierges américaines
15%
165 Chinese Taipei
14%
195 Îles Caïmans
13%
176 Montserrat
13%
187 Samoa américaines
13%
111 Azerbadjan
10%
146 Saint-Kitts-et-Nevis
7%
206 Turks-et-Caicos
6%
119 Tomores
1%
Aucun quiz correspondant
Distribution des résultats
% des personnes avec chaque résultat
Percentile par nombre de réponses
Votre historique - résultats
Vous n’avez pas pris ce quiz